Countries of the World by Capital City - Statistics

General Stats
  • This quiz has been taken 34 times
    25 since last reset
  • The average score is 125 of 196
Answers on the Map
Answers color-coded by a green-red scale on the quiz's map according to % correct below.
 
Answer Stats
Country % Correct
Ankara
100%
Athens
100%
Berlin
100%
Bucharest
100%
Budapest
100%
Buenos Aires
100%
Copenhagen
100%
Guatemala City
100%
Kyiv
100%
Lima
100%
Lisbon
100%
London
100%
Luxembourg
100%
Madrid
100%
Mexico City
100%
Moscow
100%
New Delhi
100%
Ottawa
100%
Paris
100%
Rome
100%
Tokyo
100%
Vienna
100%
Warsaw
100%
Washington D.C
100%
Amsterdam
91%
Andorra La Vella
91%
Bangkok
91%
Beijing
91%
Bern
91%
Bloemfontein / Cape Town / Pretoria
91%
Brasilia
91%
Brussels
91%
Canberra
91%
Dublin
91%
Havana
91%
Helsinki
91%
Jakarta
91%
Oslo
91%
Panama City
91%
Prague
91%
Reykjavik
91%
San Marino
91%
Seoul
91%
Sofia
91%
Stockholm
91%
Vatican City
91%
Wellington
91%
Abu Dhabi
82%
Accra
82%
Algiers
82%
Belgrade
82%
Bogota
82%
Bratislava
82%
Cairo
82%
Hanoi
82%
Minsk
82%
Monaco
82%
Quito
82%
Singapore
82%
Skopje
82%
Tehran
82%
Tirana
82%
Tunis
82%
Valletta
82%
Addis Ababa
73%
Baghdad
73%
Baku
73%
Kabul
73%
Kingston
73%
Kingstown
73%
Kuala Lumpur
73%
Ljubljana
73%
Manila
73%
Montevideo
73%
Nicosia
73%
Podgorica
73%
Pristina
73%
Riga
73%
San Salvador
73%
Santiago
73%
Santo Domingo
73%
Sarajevo
73%
Tallinn
73%
Ulaanbaatar
73%
Vaduz
73%
Vilnius
73%
Zagreb
73%
Brazzaville
64%
Caracas
64%
Chisinau
64%
Dakar
64%
Damascus
64%
Dhaka
64%
Doha
64%
Islamabad
64%
Jerusalem
64%
Kathmandu
64%
Kinshasa
64%
Kuwait City
64%
Manama
64%
Nassau
64%
Port Au Prince
64%
Port Moresby
64%
Pyongyang
64%
Rabat
64%
San Jose
64%
Sucre / La Paz
64%
Taipei
64%
Tashkent
64%
Tbilisi
64%
Tripoli
64%
Astana
55%
Asuncion
55%
Beirut
55%
Bissau
55%
Dili
55%
São Tomé
55%
Freetown
55%
Georgetown
55%
Male
55%
Muscat
55%
Nairobi
55%
Phnom Penh
55%
Riyadh
55%
Saint John's
55%
Thimphu
55%
Vientiane
55%
Yerevan
55%
Abuja
45%
Amman
45%
Antananarivo
45%
Bandar Seri Begawan
45%
Banjul
45%
Basseterre
45%
Bishkek
45%
Bridgetown
45%
Castries
45%
Columbo / Sri Jayawardenepura Kotte
45%
Djibouti
45%
Harare
45%
Kampala
45%
Khartoum
45%
Kigali
45%
Libreville
45%
Luanda
45%
Mogadishu
45%
Ouagadougou
45%
Paramaribo
45%
Port of Spain
45%
Praia
45%
Saint George's
45%
Sana'a
45%
Victoria
45%
Windhoek
45%
Apia
36%
Ashgabat
36%
Asmara
36%
Bamako
36%
Belmopan
36%
Conakry
36%
Dodoma
36%
Dushanbe
36%
Funafuti
36%
Honiara
36%
Lome
36%
Lusaka
36%
Mbabane
36%
Moroni
36%
Naypyidaw
36%
N'Djamena
36%
Niamey
36%
Nouakchott
36%
Port Louis
36%
Porto Novo
36%
Port Vila
36%
Roseau
36%
Suva
36%
Tarawa
36%
Yamoussoukro
36%
Bangui
27%
Gaborone
27%
Juba
27%
Lilongwe
27%
Malabo
27%
Managua
27%
Maputo
27%
Maseru
27%
Monrovia
27%
Nuku'Alofa
27%
Tegucigalpa
27%
Yaounde
27%
Gitega
18%
Majuro
18%
Ngerulmud
18%
Yaren
18%
Palikir
9%
No matching quizzes found
Score Distribution
Percent of People with Each Score
Percentile by Number Answered
Your Score History
You have not taken this quiz since the last reset